Romeo a Julie /

Hlavní autor: Prokof‘jev, Sergej Sergejevič, 1891-1953
Další autoři: Weigl, Petr, 1939-2018
Jazyk: Němčina
Čeština
Angličtina
Vydáno: Praha : Národní divadlo, 1998
Témata:
Fyzický popis: 92 s. : il. ; 21 cm + 1 volná příloha.
Knihy
Uloženo v:
LEADER 01653nam a2200457 a 4500
001 000324474
003 CZ BrMZK
005 20210304083303.0
007 ta
008 980115s1998 xr e cze d
020 |a 80-85921-62-6 
040 |a BOA001  |b cze 
041 1 |a cze  |a eng  |a ger 
043 |a e-ru---  |a e-xr---  |b e-xr-pg  |2 czenas 
045 |a x9x9 
072 7 |a 792  |x Divadlo. Divadelní představení  |2 Konspekt  |9 3 
080 |a 782  |2 MRF 
080 |a 792.54  |2 MRF 
080 |a (470+571)  |2 MRF 
080 |a (437.311)  |2 MRF 
080 |a (083.97)  |2 MRF 
080 |a (0:82-293.1)  |2 MRF 
100 1 |a Prokof‘jev, Sergej Sergejevič,  |d 1891-1953  |7 jn19990210508  |4 cmp 
245 1 0 |a Romeo a Julie /  |c Sergej Prokofjev ; libreto: Petr Weigl. 
260 |a Praha :  |b Národní divadlo,  |c 1998 
300 |a 92 s. :  |b il. ;  |c 21 cm +  |e 1 volná příloha. 
500 |a Text též angl. a něm. - Divadelní program. - Balet Národního divadla 
610 2 7 |a Národní divadlo v Praze.  |b Opera  |7 kn20010724561  |2 czenas 
648 4 |a 1935-1936 
648 7 |a 20. století  |7 ch460558  |2 czenas 
648 4 |a 1998 
648 7 |a 1991-2000  |7 ch460587  |2 czenas 
650 0 7 |a opery  |7 ph123760  |z Rusko  |y 20. století  |2 czenas 
650 0 7 |a operní inscenace  |7 ph137507  |z Česko  |y 1991-2000  |2 czenas 
651 7 |a Praha (Česko)  |7 ge118011  |2 czenas 
655 7 |a divadelní programy  |7 fd132033  |2 czenas 
655 7 |a operní libreta  |7 fd184679  |2 czenas 
700 1 |a Weigl, Petr,  |d 1939-2018  |7 jn20000402675  |4 lbt 
910 |a BOA001  |b 2-1046.360 
990 |a BK 
996 6 |b 2610072648  |c 2-1046.360  |l MZK  |r Sklad / do 1 hodiny  |n 18  |p p.v.  |w 000324474  |u 000010  |a 1  |e BOA001  |j MZK50  |s P